logo

Bir Sreshtho Munshi Abdur Rouf Library
Jhenaidah Cadet College

Great leaders / (Record no. 9837)

MARC details
000 -LEADER
fixed length control field 00660nam a2200265 a 4500
001 - CONTROL NUMBER
JCCL Control Number 9837
003 - CONTROL NUMBER IDENTIFIER
JCCL marc code BD-JhCC
005 - DATE AND TIME OF LATEST TRANSACTION
control field 20180402110054.0
008 - FIXED-LENGTH DATA ELEMENTS--GENERAL INFORMATION
fixed length control field 180402s1989 enkac 000 0 eng d
020 ## - INTERNATIONAL STANDARD BOOK NUMBER
International Standard Book Number 0951183575
035 ## - SYSTEM CONTROL NUMBER
system control number (BD-JhCC)9837
040 ## - CATALOGING SOURCE
Original cataloging agency BD-JhCC
Modifying agency BD-JhCC
041 ## - LANGUAGE CODE
Language code of Book eng
050 #0 - LIBRARY OF CONGRESS CALL NUMBER
Classification number HD38
080 ## - UNIVERSAL DECIMAL CLASSIFICATION NUMBER
Universal Decimal Classification number 65.012.4
082 ## - DEWEY DECIMAL CLASSIFICATION NUMBER
Classification number 658.4/092
DDC Edition number 19
Author mark and Year MAC 1989
100 1# - MAIN ENTRY--PERSONAL NAME
Personal name Mackinnon, Cleodie
245 10 - TITLE STATEMENT
Title Great leaders /
Statement of responsibility, etc Cleodie Mackinnon
260 ## - PUBLICATION, DISTRIBUTION, ETC. (IMPRINT)
Place of publication, distribution, etc Guildford :
Name of publisher, distributor, etc Talbot Adair Press,
Date of publication, distribution, etc 1989.
300 ## - PHYSICAL DESCRIPTION
Pagination 312 p. :
Other physical details ill., ports. ;
Dimensions 26 cm
650 #0 - SUBJECT ADDED ENTRY--TOPICAL TERM
Topical term or geographic name as entry element Leadership
650 #0 - SUBJECT ADDED ENTRY--TOPICAL TERM
Topical term or geographic name as entry element Management
942 ## - ADDED ENTRY ELEMENTS (KOHA)
Source of classification or shelving scheme Dewey Decimal Classification
Koha item type Reference
Holdings
Source of classification or shelving scheme Damaged status Not for loan Home library Current library Shelving location Date of accession Total Checkouts Full call number Barcode Date last seen Copy number Koha item type
Dewey Decimal Classification     JCC Rouf Library JCC Rouf Library General Stacks 04/02/2018   658.4/092 MAC 1989 13326 04/02/2018 C-1 Reference

JCC Library | Contacts | JCC Home

Last Update on 23 September 2017
Copyright @ 2017-2020 JCC Rouf Library
Rouf Library, Jhenidah Cadet College (JCC), Bangladesh